000 02136nam a2200553 i 4500
001 9758
003 KOSZ 005
005 20221024112831.0
008 201204s1978 pl a f 001 0 pol
015 _aUWD 1979/400
035 _a991013006689705066
035 _a(PL-WaBN)b13511439-48omnis_nlop
035 _ab13511439
035 _a(OCoLC)830226960
035 _a(PL)b0000001351143
035 _a(EXLNZ-48OMNIS_NETWORK)9910433078405606
040 _aWA N
_cWA N
_dKOSZ 005/RW
046 _k1978
245 0 0 _aProblemy wytężenia i znużenia polimerów jako tworzyw konstrukcyjnych /
_cpod redakcją Jerzego Zawadzkiego ; [autorzy J. Zawadzki et al.].
260 _aWarszawa :
_bPaństwowe Wydawnictwo Naukowe,
_c1978.
300 _a356 stron :
_bilustracje, tablice, wykresy ;
_c25 cm.
336 _aTekst
_btxt
_2rdacontent
337 _aBez urządzenia pośredniczącego
_bn
_2rdamedia
338 _aWolumin
_bnc
_2rdacarrier
380 _aKsiążki
380 _aPublikacje naukowe
380 _aPublikacje dydaktyczne
385 _mPoziom nauczania
_aSzkoły wyższe
388 1 _a1901-2000
388 1 _a1945-1989
504 _aBibliografia przy rozdziałach. Indeks.
521 8 _aKsiążka przeznaczona jest dla studentów wydziałów mechanicznych i chemicznych wyższych uczelni technicznych oraz inżynierów i techników.
650 7 _aPolimery
_2DBN
650 7 _aTworzywa konstrukcyjne
_2DBN
650 7 _aMechanika
650 7 _aWytrzymałość materiałów
_2DBN
655 7 _aMonografia
658 _aInżynieria i technika
700 1 _aGabryszewska, Barbara
_eAutor
700 1 _aNowak, Marian
_eAutor
700 1 _aGrozik, Eugeniusz
_d(1936- )
_eAutor
700 1 _aKałwak, Jan
_eAutor
700 1 _aKania, Andrzej
_eAutor
710 2 _aPaństwowe Wydawnictwo Naukowe
_4pbl
700 1 _aZawadzki, Jerzy
_d(1926-1997)
_eAutor
_eRedakcja
856 _uhttp://koha.tu.koszalin.pl/cgi-bin/koha/opac-detail.pl?biblionumber=9758
_yKatalog online BPK
942 _2UKD
_cKS
999 _c9758
_d9758